000
00315nam a22001337a 4500
008
190129b xxu||||| |||| 00| 0 eng d
020
_a
9780761987659
041
_a
eng
080
_2
2nd
_a
331.101.262
100
_a
52
101
_a
BNJ
245
_a
Dimensions of Human Behavior
_c
Hutchison,E.D
942
_2
udc
_c
BK
999
_c
53855
_d
53855